000 00873nam a22002655i 4500
001 175821
003 ES-MaACL
005 20230906215926.0
008 101123s1971 sp |||| | cat d
080 _a373.3
100 0 _aFreinet, Célestin.
_952452
245 1 0 _aModernitzar l'escola /
_cC. Freinet, R. Salengros ; [traducció de Miquel Adrover].
250 _a1ª ed.
260 _aBarcelona :
_bEstela,
_c1971.
300 _a76 p. , [1] h. ;
_c17 cm.
490 1 _aBiblioteca de l'escola moderna ;
_v1
546 _aTexto en catalán.
594 _aTít. original: Moderniser l'école.
650 0 4 _aEnseñanza primaria-
_xDidáctica.
_912304
700 0 _aSalengros, R.
_9101870
700 0 _aAdrover, Miquel.
_918486
830 0 _aBiblioteca de l'escola moderna ;
_v1
_9182959
852 _aES-MaACL
_j2271-F-1
_xOlim P-1924
999 _c175821
_d175821